La universidad latinoamericana frente a los nuevos escenarios de la región : seminario preparatorio : segunda jornada de investigación 1994.

Gorde:
Xehetasun bibliografikoak
Egile nagusia: Moya García, Irene comp, (autor)
Beste egile batzuk: Riquer Fernández, Florinda, comp (autor) comp, (autor)
Formatua: Liburua
Hizkuntza:gaztelania
Gaiak:
Etiketak: Etiketa erantsi
Etiketarik gabe, Izan zaitez lehena erregistro honi etiketa jartzen!

MARC

LEADER 00000cam^a2200000uu^4500
001 000491958
005 20250521000000.0
008 050901s1994^^^^^^^^^^^^rd^r^^000^0^spa^d
009 20260310125429.347
022 |a 9688591661 
035 |a FCE 000035217 
035 |a FCE 035257 
037 |a Acervo ITESO - Biblioteca 
041 |a spa 
082 0 4 |a 378.72  |b MOYu 
100 |a Moya García, Irene,  |e comp  |e (autor) 
245 1 3 |a La universidad latinoamericana frente a los nuevos escenarios de la región :  |b seminario preparatorio : segunda jornada de investigación 1994. 
264 |a México :  |b Asociación de Profesores e Investigadores : Universidad Iberoamericana,  |c 1994. 
300 |a 164 p. 
336 |a texto  |b txt  |2 rdacontenido 
337 |a sin mediación  |b n  |2 rdamedio 
338 |a volumen  |b nc  |2 rdasoporte 
649 |a XX 
650 |a Educación superior 
650 |a Mercado de trabajo 
650 |a Posgrado 
650 |a Desarrollo tecnológico 
650 |a Educación-producción 
700 |a Riquer Fernández, Florinda,  |e comp  |e (autor) 
910 |a Fondo Centro de Estudios Educativos 
920 |a Impresos - Libros 
930 |a Fondos Especiales 
905 |a 133 
901 |a ALE035257  |b IT2  |c CEE  |u 20250521 
902 |a https://opac.biblio.iteso.mx/vufind/Record/000491958